000 00236nmm a2200097Ia 4500
008 220120s9999||||xx |||||||||||||||||und||
082 _a004.2 NOE
100 _aNoergaard, Tammy
245 0 _aEmbedded systems architecture
260 _c2005
999 _c138950
_d138950